¿A cuántos y a quiénes preguntar? Una aproximación al muestreo cuantitativo y cualitativo en investigación social y educacional

Saved in:
Bibliographic Details
Main Author: Salinas Avilés, Dagoberto Enrique (autor)
Format: Book
Language:Spanish
Published: Valparaíso, Chile Ediciones Universitarias de Valparaíso 2010
Edition:1a. ed
Subjects:
Online Access:Disponible Online
Tags: Add Tag
No Tags, Be the first to tag this record!

MARC

LEADER 00000cam a2200000 a 4500
001 UCG1461
003 CL-VaPUC
005 20250509121005.0
008 100506e20100000CL |||||||||||||||||spa|d
999 |c 340821  |d 340819 
020 |a 9789561704572 
040 |c Pontificia Universidad Católica de Valparaíso 
082 0 4 |a 300.072 SAL 2010   |b    |2 21 
100 |a Salinas Avilés, Dagoberto Enrique  |e autor  |9 324118 
245 1 0 |a ¿A cuántos y a quiénes preguntar?  |b Una aproximación al muestreo cuantitativo y cualitativo en investigación social y educacional 
250 |a 1a. ed 
260 |a Valparaíso, Chile   |b Ediciones Universitarias de Valparaíso  |c 2010 
300 |a 119 páginas  
583 |a last modification  |c 20141007 10:46:02  |k Rodrigo Vera 
650 0 |a Ciencias sociales  |9 863060  |x Metodología 
650 0 |a Investigación cualitativa  |9 389535 
650 0 |a Investigación cuantitativa  |9 550972 
650 0 |a Muestreo (Estadística)  |9 270232 
650 0 |a Investigación activa en educación  |9 886497 
852 |a BIBCUR 
856 |u https://bibliografiadigital.pucv.cl/index.php/bibliotecapucv/catalog/book/68  |y Disponible Online 
942 |c BK  |2 ddc 
945 |d 20100506 00:00:00  |a rbrito 
952 |0 0  |1 0  |4 0  |6 300_072000000000000_SAL_2010  |7 0  |8 X  |9 435866  |a FDOMLP  |b FDOMLP  |d 2019-11-22  |i 4669665  |o 300.072 SAL 2010  |p 4669665  |r 2019-11-22  |w 2019-11-22  |y BK_X  |k BU2 
952 |0 0  |1 0  |4 0  |6 300_072000000000000_SAL_2010  |7 0  |8 A  |9 435867  |a BIBEDU  |b BIBEDU  |d 2019-11-22  |i 4669843  |o 300.072 SAL 2010  |p 4669843  |r 2019-11-22  |w 2019-11-22  |y BK  |k EDU 
952 |0 0  |1 0  |4 0  |6 300_072000000000000_SAL_2010  |7 0  |8 A  |9 435868  |a BIBEDU  |b BIBEDU  |d 2019-11-22  |i 4669851  |o 300.072 SAL 2010  |p 4669851  |r 2019-11-22  |w 2019-11-22  |y BK  |k EDU 
952 |0 0  |1 0  |4 0  |6 300_072000000000000_SAL_2010  |7 0  |8 A  |9 435869  |a BIBEDU  |b BIBEDU  |d 2019-11-22  |i 466986K  |o 300.072 SAL 2010  |p 466986K  |r 2019-11-22  |w 2019-11-22  |y BK  |k EDU 
952 |0 0  |1 0  |4 0  |6 300_072000000000000_SAL_2010  |7 0  |8 A  |9 435870  |a BIBEDU  |b BIBEDU  |d 2019-11-22  |i 4669878  |o 300.072 SAL 2010  |p 4669878  |r 2019-11-22  |w 2019-11-22  |y BK  |k EDU 
952 |0 0  |1 0  |4 0  |6 300_072000000000000_SAL_2010  |7 0  |8 A  |9 435871  |a BIBEDU  |b BIBEDU  |d 2019-11-22  |i 4669886  |o 300.072 SAL 2010  |p 4669886  |r 2019-11-22  |w 2019-11-22  |y BK  |k EDU 
952 |0 0  |1 0  |4 0  |6 300_072000000000000_SAL_2010  |7 0  |8 A  |9 435872  |a BIBEDU  |b BIBEDU  |d 2019-11-22  |i 4669894  |o 300.072 SAL 2010  |p 4669894  |r 2019-11-22  |w 2019-11-22  |y BK  |k EDU 
952 |0 0  |1 0  |4 0  |6 300_072000000000000_SAL_2010  |7 0  |8 A  |9 435874  |a BIBEDU  |b BIBEDU  |d 2019-11-22  |i 4669916  |o 300.072 SAL 2010  |p 4669916  |r 2019-11-22  |w 2019-11-22  |y BK  |k EDU 
952 |0 0  |1 0  |4 0  |6 300_072000000000000_SAL_2010  |7 0  |8 A  |9 435875  |a BIBEDU  |b BIBEDU  |d 2019-11-22  |i 4669924  |o 300.072 SAL 2010  |p 4669924  |r 2019-11-22  |w 2019-11-22  |y BK  |k EDU 
952 |0 0  |1 0  |4 0  |6 300_072000000000000_SAL_2010  |7 0  |8 A  |9 435876  |a BIBEDU  |b BIBEDU  |d 2019-11-22  |i 4669932  |o 300.072 SAL 2010  |p 4669932  |r 2019-11-22  |w 2019-11-22  |y BK  |k EDU 
952 |0 0  |1 0  |4 0  |6 300_072000000000000_SAL_2010  |7 0  |8 A  |9 435877  |a BIBGIM  |b BIBGIM  |d 2019-11-22  |i 4669940  |o 300.072 SAL 2010  |p 4669940  |r 2025-01-15  |w 2019-11-22  |y BK  |k SSL 
952 |0 0  |1 0  |4 0  |6 300_072000000000000_SAL_2010  |7 0  |8 A  |9 435878  |a BIBGIM  |b BIBGIM  |d 2019-11-22  |i 4669959  |o 300.072 SAL 2010  |p 4669959  |r 2025-01-15  |w 2019-11-22  |y BK  |k SSL 
952 |0 0  |1 0  |4 0  |6 300_072000000000000_SAL_2010  |7 0  |8 A  |9 435879  |a BIBGIM  |b BIBGIM  |d 2019-11-22  |i 4669967  |l 1  |o 300.072 SAL 2010  |p 4669967  |r 2025-01-15  |s 2022-06-15  |w 2019-11-22  |y BK  |k SSL 
952 |0 0  |1 0  |4 0  |6 300_072000000000000_SAL_2010  |7 0  |8 A  |9 435880  |a BIBGIM  |b BIBGIM  |d 2019-11-22  |i 4669975  |o 300.072 SAL 2010  |p 4669975  |r 2025-01-15  |w 2019-11-22  |y BK  |k SSL 
952 |0 0  |1 0  |4 0  |6 300_072000000000000_SAL_2010  |7 0  |8 A  |9 435881  |a BIBGIM  |b BIBGIM  |d 2019-11-22  |i 4669983  |o 300.072 SAL 2010  |p 4669983  |r 2025-01-15  |w 2019-11-22  |y BK  |k SSL 
952 |0 0  |1 0  |4 0  |6 300_072000000000000_SAL_2010  |7 0  |8 A  |9 435882  |a BIBGIM  |b BIBGIM  |d 2019-11-22  |i 4670000  |o 300.072 SAL 2010  |p 4670000  |r 2025-01-15  |w 2019-11-22  |y BK  |k SSL 
952 |0 0  |1 0  |4 0  |6 300_072000000000000_SAL_2010  |7 0  |8 A  |9 435883  |a BIBGIM  |b BIBGIM  |d 2019-11-22  |i 4670019  |o 300.072 SAL 2010  |p 4670019  |r 2025-01-15  |w 2019-11-22  |y BK  |k SSL 
952 |0 0  |1 0  |4 0  |6 300_072000000000000_SAL_2010  |7 0  |8 A  |9 435884  |a BIBGIM  |b BIBGIM  |d 2019-11-22  |i 4670027  |o 300.072 SAL 2010  |p 4670027  |r 2025-01-15  |w 2019-11-22  |y BK  |k SSL 
952 |0 0  |1 0  |4 0  |6 300_072000000000000_SAL_2010  |7 0  |8 A  |9 435885  |a BIBGIM  |b BIBGIM  |d 2019-11-22  |i 4670035  |o 300.072 SAL 2010  |p 4670035  |r 2025-01-15  |w 2019-11-22  |y BK  |k SSL 
952 |0 0  |1 0  |4 0  |6 300_072000000000000_SAL_2010  |7 0  |8 A  |9 435886  |a BIBCUR  |b BIBCUR  |d 2019-11-22  |i 4670043  |o 300.072 SAL 2010  |p 4670043  |r 2025-04-22  |w 2019-11-22  |y BK  |k PER 
952 |0 0  |1 0  |4 0  |6 300_072000000000000_SAL_2010  |7 0  |8 A  |9 435887  |a BIBCUR  |b BIBCUR  |d 2019-11-22  |i 4670051  |o 300.072 SAL 2010  |p 4670051  |r 2025-04-22  |w 2019-11-22  |y BK  |k PER 
952 |0 0  |1 0  |4 0  |6 300_072000000000000_SAL_2010  |7 0  |8 A  |9 435888  |a BIBCUR  |b BIBCUR  |d 2019-11-22  |i 467006K  |o 300.072 SAL 2010  |p 467006K  |r 2025-04-22  |w 2019-11-22  |y BK  |k PER 
952 |0 0  |1 0  |2 ddc  |4 0  |6 300_072000000000000_SAL_2010  |7 0  |8 A  |9 435889  |a BIBCUR  |b BIBCUR  |c GEN  |d 2019-11-22  |i 4670078  |o 300.072 SAL 2010  |p 4670078  |r 2025-04-22  |w 2019-11-22  |y BK  |k PER 
952 |0 0  |1 0  |2 ddc  |4 0  |6 300_072000000000000_SAL_2010  |7 0  |8 A  |9 435890  |a BIBCUR  |b BIBCUR  |c GEN  |d 2019-11-22  |i 4670086  |o 300.072 SAL 2010  |p 4670086  |r 2025-04-22  |w 2019-11-22  |y BK  |k PER 
952 |0 0  |1 0  |4 0  |6 300_072000000000000_SAL_2010  |7 0  |8 A  |9 435891  |a BIBAGR  |b BIBAGR  |d 2019-11-22  |i 4670094  |o 300.072 SAL 2010  |p 4670094  |r 2025-01-20  |w 2019-11-22  |y BK  |k AGR 
952 |0 0  |1 0  |4 0  |6 300_072000000000000_SAL_2010  |7 0  |8 A  |9 435892  |a BIBARQ  |b BIBARQ  |d 2019-11-22  |i 4670108  |o 300.072 SAL 2010  |p 4670108  |r 2025-01-20  |w 2019-11-22  |y BK  |k ARQ 
952 |0 0  |1 0  |4 0  |6 300_072000000000000_SAL_2010  |7 0  |8 R  |9 435893  |a BIBEDU  |b BIBEDU  |d 2019-11-22  |i 4670116  |o 300.072 SAL 2010  |p 4670116  |r 2023-01-12  |w 2019-11-22  |y BK_R  |k MUS 
952 |0 0  |1 0  |4 0  |6 300_072000000000000_SAL_2010  |7 0  |8 A  |9 435894  |a BIBGIM  |b BIBGIM  |d 2019-11-22  |i 4670124  |o 300.072 SAL 2010  |p 4670124  |r 2025-01-15  |w 2019-11-22  |y BK  |k EST 
952 |0 0  |1 0  |4 0  |6 300_072000000000000_SAL_2010  |7 0  |8 A  |9 435895  |a BIBGIM  |b BIBGIM  |d 2019-11-22  |i 4670132  |o 300.072 SAL 2010  |p 4670132  |r 2025-01-15  |w 2019-11-22  |y BK  |k EST 
952 |0 0  |1 0  |2 ddc  |4 0  |6 300_072000000000000_SAL_2010  |7 0  |8 R  |9 435896  |a BIBENE  |b BIBENE  |c RES  |d 2019-11-22  |i 4672143  |l 1  |o 300.072 SAL 2010  |p 4672143  |r 2025-01-15  |s 2023-08-17  |w 2019-11-22  |y BK_R  |k ICO 
952 |0 0  |1 0  |4 0  |6 300_072000000000000_SAL_2010  |7 0  |8 A  |9 435897  |a BIBGIM  |b BIBGIM  |d 2019-11-22  |i 4679547  |o 300.072 SAL 2010  |p 4679547  |r 2025-01-15  |w 2019-11-22  |y BK  |k SSL 
952 |0 0  |1 0  |4 0  |6 300_072000000000000_SAL_2010  |7 0  |8 A  |9 435898  |a BIBGIM  |b BIBGIM  |d 2019-11-22  |i 4679555  |o 300.072 SAL 2010  |p 4679555  |r 2025-01-15  |w 2019-11-22  |y BK  |k SSL 
952 |0 0  |1 0  |4 0  |6 300_072000000000000_SAL_2010  |7 0  |8 A  |9 435899  |a BIBGIM  |b BIBGIM  |d 2019-11-22  |i 4679563  |o 300.072 SAL 2010  |p 4679563  |r 2025-01-15  |w 2019-11-22  |y BK  |k SSL 
952 |0 0  |1 0  |4 0  |6 300_072000000000000_SAL_2010  |7 0  |8 A  |9 435900  |a BIBGIM  |b BIBGIM  |d 2019-11-22  |i 4679571  |o 300.072 SAL 2010  |p 4679571  |r 2025-01-15  |w 2019-11-22  |y BK  |k SSL 
952 |0 0  |1 0  |4 0  |6 300_072000000000000_SAL_2010  |7 0  |8 A  |9 435901  |a BIBGIM  |b BIBGIM  |d 2019-11-22  |i 467958K  |o 300.072 SAL 2010  |p 467958K  |r 2025-01-15  |w 2019-11-22  |y BK  |k SSL 
952 |0 0  |1 0  |4 0  |6 300_072000000000000_SAL_2010  |7 0  |8 A  |9 435902  |a BIBGIM  |b BIBGIM  |d 2019-11-22  |i 4685113  |o 300.072 SAL 2010  |p 4685113  |r 2025-01-15  |w 2019-11-22  |y BK  |k EST 
952 |0 0  |1 0  |4 0  |6 300_072000000000000_SAL_2010  |7 0  |8 A  |9 435903  |a BIBGIM  |b BIBGIM  |d 2019-11-22  |i 4685121  |o 300.072 SAL 2010  |p 4685121  |r 2025-01-15  |w 2019-11-22  |y BK  |k EST 
952 |0 0  |1 0  |4 0  |6 300_072000000000000_SAL_2010  |7 0  |8 A  |9 435904  |a BIBGIM  |b BIBGIM  |d 2019-11-22  |i 468513K  |o 300.072 SAL 2010  |p 468513K  |r 2019-11-22  |w 2019-11-22  |y BK  |k EST 
952 |0 0  |1 0  |4 0  |6 300_072000000000000_SAL_2010  |7 0  |8 A  |9 435905  |a BIBGIM  |b BIBGIM  |d 2019-11-22  |i 4685148  |o 300.072 SAL 2010  |p 4685148  |r 2025-01-15  |w 2019-11-22  |y BK  |k EST 
952 |0 0  |1 0  |4 0  |6 300_072000000000000_SAL_2010  |7 0  |8 A  |9 435906  |a BIBGIM  |b BIBGIM  |d 2019-11-22  |i 4685156  |o 300.072 SAL 2010  |p 4685156  |r 2025-01-15  |w 2019-11-22  |y BK  |k EST 
952 |0 0  |1 0  |4 0  |6 300_072000000000000_SAL_2010  |7 0  |8 X  |9 435907  |a FDOBUD  |b FDOBUD  |d 2019-11-22  |i 468608K  |o 300.072 SAL 2010  |p 468608K  |r 2019-11-22  |w 2019-11-22  |y BK_X  |k FHP 
952 |0 0  |1 0  |4 0  |6 300_072000000000000_SAL_2010  |7 0  |8 ED_SUP  |9 435908  |a BIBGIM  |b BIBGIM  |c S_PSTGRDO  |d 2019-11-22  |i 4776828  |o 300.072 SAL 2010  |p 4776828  |r 2025-01-15  |w 2019-11-22  |y BK_X  |k ESU 
952 |0 0  |1 0  |4 0  |6 300_072000000000000_SAL_2010  |7 0  |8 A  |9 435909  |a BIBEDU  |b BIBEDU  |d 2019-11-22  |i 4789849  |o 300.072 SAL 2010  |p 4789849  |r 2019-11-22  |w 2019-11-22  |y BK  |k EPE 
952 |0 0  |1 0  |4 0  |6 300_072000000000000_SAL_2010  |7 0  |8 A  |9 435910  |a BIBEDU  |b BIBEDU  |d 2019-11-22  |i 4789857  |o 300.072 SAL 2010  |p 4789857  |r 2019-11-22  |w 2019-11-22  |y BK  |k EPE 
952 |0 0  |1 0  |4 0  |6 300_072000000000000_SAL_2010  |7 0  |8 A  |9 435911  |a BIBGIM  |b BIBGIM  |d 2019-11-22  |i 4840968  |o 300.072 SAL 2010  |p 4840968  |r 2025-01-15  |w 2019-11-22  |y BK  |k SSL 
952 |0 0  |1 0  |4 0  |6 300_072000000000000_SAL_2010  |7 0  |8 A  |9 435912  |a BIBGIM  |b BIBGIM  |d 2019-11-22  |i 4931750  |o 300.072 SAL 2010  |p 4931750  |r 2025-01-15  |w 2019-11-22  |y BK  |k SSL 
952 |0 0  |1 0  |3 erb  |4 0  |6 300_072000000000000_SAL_2010  |7 0  |8 A  |9 435913  |a BIBGIM  |b BIBGIM  |d 2019-11-22  |i 5009332  |o 300.072 SAL 2010  |p 5009332  |r 2025-01-15  |w 2019-11-22  |y BK  |z Catalogado en:20130906  |k SSL 
952 |0 0  |1 0  |3 erb  |4 0  |6 300_072000000000000_SAL_2010  |7 0  |8 A  |9 435914  |a BIBGIM  |b BIBGIM  |d 2019-11-22  |i 5009340  |o 300.072 SAL 2010  |p 5009340  |r 2025-01-15  |w 2019-11-22  |y BK  |z Catalogado en:20130906  |k SSL 
952 |0 0  |1 0  |3 erb  |4 0  |6 300_072000000000000_SAL_2010  |7 0  |8 A  |9 435915  |a BIBGIM  |b BIBGIM  |d 2019-11-22  |i 5009359  |o 300.072 SAL 2010  |p 5009359  |r 2025-01-15  |w 2019-11-22  |y BK  |z Catalogado en:20130906  |k SSL 
952 |0 0  |1 0  |3 erb  |4 0  |6 300_072000000000000_SAL_2010  |7 0  |8 A  |9 435916  |a BIBGIM  |b BIBGIM  |d 2019-11-22  |i 5009367  |o 300.072 SAL 2010  |p 5009367  |r 2025-01-15  |w 2019-11-22  |y BK  |z Catalogado en:20130906  |k SSL 
952 |0 0  |1 0  |3 erb  |4 0  |6 300_072000000000000_SAL_2010  |7 0  |8 A  |9 435917  |a BIBGIM  |b BIBGIM  |d 2019-11-22  |i 5009375  |o 300.072 SAL 2010  |p 5009375  |r 2025-01-15  |w 2019-11-22  |y BK  |z Catalogado en:20130906  |k SSL 
952 |0 0  |1 0  |3 erb  |4 0  |6 300_072000000000000_SAL_2010  |7 0  |8 A  |9 435918  |a BIBGIM  |b BIBGIM  |i 5117909  |o 300.072 SAL 2010  |p 5117909  |r 2025-01-15  |w 2019-11-22  |y BK  |z Catalogado en:20141009  |k EST 
952 |0 0  |1 0  |3 erb  |4 0  |6 300_072000000000000_SAL_2010  |7 0  |8 A  |9 435919  |a BIBGIM  |b BIBGIM  |i 5117895  |o 300.072 SAL 2010  |p 5117895  |r 2025-01-15  |w 2019-11-22  |y BK  |z Catalogado en:20141016  |k EST 
952 |0 0  |1 0  |3 erb  |4 0  |6 300_072000000000000_SAL_2010  |7 0  |8 A  |9 435920  |a BIBGIM  |b BIBGIM  |i 5117887  |l 1  |o 300.072 SAL 2010  |p 5117887  |r 2025-01-15  |s 2022-09-27  |w 2019-11-22  |y BK  |z Catalogado en:20141016  |k EST 
952 |0 0  |1 0  |3 erb  |4 0  |6 300_072000000000000_SAL_2010  |7 0  |8 A  |9 435921  |a FDOPOS  |b FDOPOS  |i 5162335  |o 300.072 SAL 2010  |p 5162335  |r 2025-01-22  |w 2019-11-22  |y BK  |z Catalogado en:20150605  |k MED 
952 |0 0  |1 0  |3 erb  |4 0  |6 300_072000000000000_SAL_2010  |7 0  |8 A  |9 435922  |a FDOPOS  |b FDOPOS  |i 5162351  |o 300.072 SAL 2010  |p 5162351  |r 2025-01-22  |w 2019-11-22  |y BK  |z Catalogado en:20150605  |k MED 
952 |0 0  |1 0  |3 erb  |4 0  |6 300_072000000000000_SAL_2010  |7 0  |8 A  |9 435923  |a FDOPOS  |b FDOPOS  |i 5162343  |o 300.072 SAL 2010  |p 5162343  |r 2025-01-22  |w 2019-11-22  |y BK  |z Catalogado en:20150605  |k MED 
952 |0 0  |1 0  |2 ddc  |3 erb  |4 0  |6 300_072000000000000_SAL_2010  |7 0  |8 R  |9 435924  |a BIBENE  |b BIBENE  |c RES  |i 5286646  |l 4  |o 300.072 SAL 2010  |p 5286646  |r 2025-01-15  |s 2024-08-12  |w 2019-11-22  |y BK_R  |z Catalogado en:20160512  |k ICO 
952 |0 0  |1 0  |2 ddc  |3 erb  |4 0  |6 300_072000000000000_SAL_2010  |7 0  |8 R  |9 435925  |a BIBENE  |b BIBENE  |c RES  |i 5286654  |l 2  |o 300.072 SAL 2010  |p 5286654  |r 2025-01-15  |s 2023-09-04  |w 2019-11-22  |y BK_R  |z Catalogado en:20160512  |k ICO 
952 |0 0  |1 0  |2 ddc  |3 erb  |4 0  |6 300_072000000000000_SAL_2010  |7 0  |8 R  |9 435926  |a BIBENE  |b BIBENE  |c RES  |i 5286662  |l 2  |o 300.072 SAL 2010  |p 5286662  |r 2025-01-15  |s 2023-08-24  |w 2019-11-22  |y BK_R  |z Catalogado en:20160512  |k ICO 
952 |0 0  |1 0  |2 ddc  |3 erb  |4 0  |6 300_072000000000000_SAL_2010  |7 0  |8 R  |9 435927  |a BIBENE  |b BIBENE  |c RES  |i 533859K  |l 1  |o 300.072 SAL 2010  |p 533859K  |r 2025-01-15  |s 2023-08-16  |w 2019-11-22  |y BK_R  |z Catalogado en:20160819  |k ICO 
952 |0 0  |1 0  |3 erb  |4 0  |6 300_072000000000000_SAL_2010  |7 0  |8 A  |9 435928  |a BIBGIM  |b BIBGIM  |i 5338603  |o 300.072 SAL 2010  |p 5338603  |r 2025-01-15  |w 2019-11-22  |y BK  |z Catalogado en:20160819  |k SSL